World Series Roster - 2021 Atlanta Braves - Statistics

General Stats
  • This quiz has been taken 48 times
  • The average score is 13 of 26
Answer Stats
Answer % Correct
Freddie Freeman
100%
Dansby Swanson
90%
Ozzie Albies
90%
Jorge Soler
86%
Austin Riley
83%
Travis d’Arnaud
83%
Max Fried
79%
Eddie Rosario
72%
Joc Pederson
72%
Will Smith
69%
Tyler Matzek
62%
Luke Jackson
59%
Adam Duvall
55%
Charlie Morton
48%
A.J. Minter
41%
Ian Anderson
38%
William Contreras
38%
Orlando Arcia
34%
Guillermo Heredia
31%
Dylan Lee
24%
Jesse Chavez
24%
Kyle Wright
24%
Terrance Gore
21%
Ehire Adrianza
14%
Drew Smyly
7%
Chris Martin
3%
No matching quizzes found
Score Distribution
Percent of People with Each Score
Percentile by Number Answered
Your Score History
You have not taken this quiz